Sapiens a neandertálec rozpravy o živote

Bibliographic Details
Main Authors: Millás, Juan José, 1946- (Author), Arsuaga, Juan Luis, 1954- (Author)
Other Authors: Zubácka, Katarína, 1975- (Translator)
Format: Book
Language:Slovak
Spanish
PhysicalDescription:186 strán ilustrácie 24 cm
Published: Bratislava Premedia 2022
ISBN:9788082420817
Edition:Prvé vydanie
Series:Civilizácia
Subjects:

MARC

LEADER 00000cam a2200000 4500
001 vtls012145206
003 SK-MaSNL
005 20260302062623.0
008 220802s2022 xo a g 000 j slo
015 |a SNBA2022/10 
020 |a 9788082420817  |q (viazané) 
040 |a SNK  |b slo  |c SNK  |e rda 
041 1 |a slo  |h spa 
044 |a xo  |c SK 
072 7 |a 821.134.2-3  |x Španielska próza, španielsky písaná  |2 konspekt 
080 |a 572  |2 2011 
080 |a 821.134.2-31  |2 2011 
080 |a (0:82-96)  |2 2011 
080 |a (049)  |2 2011 
100 1 |a Millás, Juan José,  |d 1946-  |4 aut  |9 208281 
240 1 3 |a La vida contada por un sapiens a un neandertal  |l Slovensky 
245 1 0 |a Sapiens a neandertálec  |b rozpravy o živote  |c Juan José Millás, Juan Luis Arsuaga ; zo španielčiny preložila Katarína Zubácka 
246 1 |i Obálkový podnázov:  |a Dejiny ľudstva 
250 |a Prvé vydanie 
264 1 |a Bratislava  |b Premedia  |c 2022 
300 |a 186 strán  |b ilustrácie  |c 24 cm 
336 |a text  |b txt  |2 rdacontent 
337 |a bez média  |b n  |2 rdamedia 
338 |a zväzok  |b nc  |2 rdacarrier 
490 1 |a Civilizácia  |v 30. zväzok 
500 |a Obsahuje biografické údaje o autoroch 
650 0 7 |a antropológia  |2 SNKPH  |9 717 
650 0 7 |a Anthropology  |2 SNKPHeng  |9 266558 
655 7 |a španielske romány  |2 SNKPH  |9 70539 
655 7 |a literatúra faktu  |2 SNKPH  |9 70526 
655 7 |a Spanish fiction  |2 SNKPHeng  |9 297770 
655 7 |a Non fiction  |2 SNKPHeng  |9 284535 
655 7 |a rozpravy  |2 SNKPH  |9 70559 
655 7 |a Essays  |2 SNKPHeng  |9 267540 
700 1 |a Zubácka, Katarína,  |d 1975-  |4 trl  |9 500197 
700 1 |a Arsuaga, Juan Luis,  |d 1954-  |4 aut  |9 722862 
830 0 |a Civilizácia  |9 312002 
852 |a Štátna vedecká knižnica v Banskej Bystrici 
919 |a 978-80-8242-081-7 
954 |a beletria cudzojazyčná (svetová)  |2 lita 
958 |a LX 
958 |a UP 
968 |b ESP 
999 |c 1129949  |d 1131879 
952 |a SNK  |b SNK  |y PREZ  |7 0  |p 17A1309427  |o snkSC 198711  |i snk2022/12640  |8 0  |0 0  |1 0  |4 0  |d 2022-08-15  |f 1  |l 0  |r 2025-10-21 00:00:00  |w 2026-02-24 
952 |a SNK  |b SNK  |y VYP  |7 0  |p 17A1309428  |o snkSC 198711 D1  |i snk2022/12641  |8 0  |0 0  |1 0  |4 0  |d 2022-08-15  |l 0  |r 2026-02-24 18:58:56  |w 2026-02-24